000 00668nam a22002057a 4500
005 20251108172421.0
008 250721s2002 xx 000 0 ara d
020 _a996015128x
082 1 4 _a153.6/جيو
100 1 _aالجيوسي، محمد بلال
245 1 0 _aأنت و أنا :
_bمقدمة في مهارات التواصل الإنساني /
264 1 _aالرياض :
_bمكتب التربية العربي لدول الخليج،
_c2002.
300 _a311 ص
650 1 7 _aعلم النفس
650 1 7 _aالإتصال الشفهي
650 1 7 _aعملية الإتصال
650 1 7 _aالإستماع
942 _2ddc
_cBK
999 _c78778
_d78778